| 000 | 01650nam a2200409 c 4500 | ||
|---|---|---|---|
| 003 | BLK | ||
| 005 | 20241209140927.0 | ||
| 008 | 180413b bul|||||r ||||||| ||bul|| | ||
| 010 | _aKNG00025070000 | ||
| 020 |
_a954-427-290-9 _bиздат.: Абагар |
||
| 040 | _aBLK | ||
| 041 |
_aBUL _cBUL |
||
| 080 |
_aБългарски език _b811.163.2 _x-3(075.8) _z811.163.2-3(075.8) |
||
| 100 | 1 |
_aВътов, Върбан Дилков _eпърви автор _9253298 |
|
| 139 |
_aВътов, Върбан Дилков _bВ 98 |
||
| 245 | 1 | 0 |
_aЛексикология на българския език _bЛексемика, ономастика, фразеология, лексикография : [Учебник за студентите от Велликотърновски унив. Св. св. Кирил и Методий] _cВърбан Дилков Вътов. |
| 257 | _aBGR | ||
| 260 |
_аВ. Търново _bАбагар _c1998 |
||
| 300 |
_a424 с. _bсъс сх. _c21 см |
||
| 380 | _a80 | ||
| 500 | _aБиблиогр. с. 386-418. | ||
| 504 | _a386-418 | ||
| 650 | 4 |
_aБългарски език - лексикология _9255874 |
|
| 653 | _aлексикология | ||
| 653 | _aбългарски език | ||
| 653 | _aлексемика | ||
| 653 | _aономастика | ||
| 653 | _aфразеология | ||
| 653 | _aлексикография | ||
| 653 | _aучебници за ВУЗ | ||
| 852 | _aЦб 198793 | ||
| 856 | 4 |
_qpdf _u |
|
| 856 | 4 |
_qpdf _u |
|
| 942 |
_cKNG _n0 _021 |
||
| 944 |
_aCR _c15.01.2003 _k30531 _lЦветелина Шанова |
||
| 944 |
_aED _c06.01.2009 _k |
||
| 999 |
_c22665 _d22665 |
||